| 000 | 00914nam a2200289 a 4500 | ||
|---|---|---|---|
| 001 | 000107869 | ||
| 003 | CHAP | ||
| 005 | 20220329143947.0 | ||
| 008 | 131113s2012 mx |r ||||||spa d | ||
| 010 | _a104331 | ||
| 011 | _a105303 | ||
| 020 | _a9786079128241 | ||
| 040 | _cCHAP | ||
| 082 | 0 | 4 |
_a380.141068 _bC73 |
| 245 | 0 | 0 |
_aCompetencia y dinámicas de ajuste en la horticultura / _cpor coordinador Héctor Enrique Gaxiola Carrasco ...[et al.]. |
| 260 |
_aUniversidad Autonoma de Sinaloa : _bOnce ríos, _c2012. |
||
| 300 | _a574 p. | ||
| 590 |
_aE5765TAJ _b05 _c20131113 _lUCH01 _h1135 |
||
| 590 |
_aE792CSJ _b05 _c20140207 _lUCH01 _h1435 |
||
| 650 | 1 | 4 |
_aHorticultura _xAspectos económicos. _956299 |
| 650 | 1 | 4 |
_aHorticultura _xMercadeo. _956354 |
| 650 | 1 | 4 |
_aHorticultura _xMéxico. _956357 |
| 700 | 1 |
_acoord. Gaxiola Carrasco, Héctor Enrique _9175525 |
|
| 901 | _aBK | ||
| 942 | _cLIBRO | ||
| 942 | _n0 | ||
| 999 |
_c104331 _d104331 |
||